[Event "ROM-ch U08 Girls"]
[Site "Calimanesti Caciulata"]
[Date "2019.04.18"]
[Round "5.9"]
[White "Ratcu, Milenna Valeria"]
[Black "Nanu, Alexandra Gabriela"]
[Result "1-0"]
[WhiteElo "1001"]
[BlackElo "1001"]
[PlyCount "39"]
[EventDate "2019.04.15"]
[EventType "swiss"]
[EventRounds "9"]
[EventCountry "ROU"]
[SourceTitle "EXT 2024"]
[Source "ChessBase"]
[SourceDate "2023.10.10"]
[SourceVersion "1"]
[SourceVersionDate "2023.10.10"]
[SourceQuality "1"]

1. e4 e5 2. Nf3 d5 3. exd5 Qxd5 4. Nc3 Qd8 5. d4 exd4 6. Nxd4 Bc5 7. Be3 Nf6 8. Be2 0-0 9. 0-0 Bg4 10. f3 Bf5 11. Qd2 Nc6 12. Rad1 Nxd4 13. Bxd4 Bxd4+ 14. Qxd4 Bxc2 15. Rd2 Bf5 16. Rfd1 Qxd4+ 17. Rxd4 Rfd8 18. Rxd8+ Rxd8 19. Rxd8+ Ne8 20. Rxe8# 1-0

[Event "ROM-ch U08 Girls"]
[Site "Calimanesti Caciulata"]
[Date "2019.04.16"]
[Round "2.8"]
[White "Gavriliuc, Victoria"]
[Black "Ratcu, Milenna Valeria"]
[Result "1-0"]
[WhiteElo "1001"]
[BlackElo "1001"]
[PlyCount "73"]
[EventDate "2019.04.15"]
[EventType "swiss"]
[EventRounds "9"]
[EventCountry "ROU"]
[SourceTitle "EXT 2024"]
[Source "ChessBase"]
[SourceDate "2023.10.10"]
[SourceVersion "1"]
[SourceVersionDate "2023.10.10"]
[SourceQuality "1"]

1. e4 e5 2. Nf3 Nc6 3. d4 exd4 4. Nxd4 Nxd4 5. Qxd4 d6 6. Nc3 Be7 7. Bf4 Nf6 8. 0-0-0 0-0 9. f3 c5 10. Qd2 Be6 11. Bxd6 Bxd6 12. Qxd6 Qxd6 13. Rxd6 Rfe8 14. Bb5 Re7 15. Rhd1 h6 16. Rd8+ Rxd8 17. Rxd8+ Kh7 18. Bd3 Nh5 19. e5+ g6 20. g3 f5 21. exf6 Rf7 22. Ra8 a6 23. Be4 b5 24. Rxa6 Bd7 25. Rb6 b4 26. Nd5 Be6 27. Rxe6 Ng7 28. fxg7 Kxg7 29. Re7 g5 30. Rxf7+ Kxf7 31. a4 c4 32. a5 b3 33. a6 bxc2 34. a7 Kg7 35. a8Q g4 36. Qb7+ Kh8 37. Qh7# 1-0

[Event "ROM-ch U08 Girls"]
[Site "Calimanesti Caciulata"]
[Date "2019.04.15"]
[Round "1.6"]
[White "Ratcu, Milenna Valeria"]
[Black "Leca Andrei, Anastasia"]
[Result "0-1"]
[WhiteElo "1001"]
[BlackElo "1001"]
[PlyCount "56"]
[EventDate "2019.04.15"]
[EventType "swiss"]
[EventRounds "9"]
[EventCountry "ROU"]
[SourceTitle "EXT 2024"]
[Source "ChessBase"]
[SourceDate "2023.10.10"]
[SourceVersion "1"]
[SourceVersionDate "2023.10.10"]
[SourceQuality "1"]

1. e4 c5 2. Nf3 e6 3. Nc3 d6 4. d4 cxd4 5. Nxd4 Nf6 6. Bc4 Be7 7. 0-0 0-0 8. Bg5 Nbd7 9. Re1 h6 10. Bxf6 Nxf6 11. Nb3 b6 12. Nd4 Bb7 13. e5 Nd7 14. Nf3 Qc7 15. Qd4 Rad8 16. Rad1 Bxf3 17. Rd3 Bb7 18. Rg3 Nxe5 19. Nb5 Qb8 20. Rf1 Bf6 21. Ra3 Nf3+ 22. gxf3 Bxd4 23. Nxa7 Bxb2 24. Ra4 Rd7 25. f4 d5 26. Nb5 Qxf4 27. Bd3 d4 28. Rb4 Qg4# 0-1